Obálka Náhled e-knihy:
Epub
Pro půjčování e-knih musíte být přihlášeni.
Jak si půjčit online?

Byrokracie /

Uloženo v:
Hlavní autor: Von Mises, Ludwig, 1881-1973 (Autor)
Médium: E-kniha
Jazyk:Czech
Vydáno: Praha : Liberální institut, 2002
Témata:
Příbuzné jednotky:Přeloženo z: Bureaucracy
Tagy:
Žádné tagy
LEADER 01701nam a2200493 a 4500
001 310828
003 CZ PrSKC
005 20260601215655.0
007 tu
008 030228s2002 xr e 001 0 cze
015 |a cnb001196740 
020 |a 8086389227  |q (brož.) 
035 |a (OCoLC)53265276 
040 |a ABA001  |b cze 
041 1 |a cze  |h eng 
072 7 |a 35.07  |x Organizace a řízení veřejné správy  |2 Konspekt 
080 |a 329.12  |2 MRF 
080 |a 330.82  |2 MRF 
080 |a 65.01  |2 MRF 
080 |a 35  |2 MRF 
080 |a 35.07  |2 MRF 
080 |a (048.8)  |2 MRF 
100 1 |a Von Mises, Ludwig,  |d 1881-1973  |7 skuk0000884  |4 aut 
245 1 0 |a Byrokracie /  |c Ludwig von Mises 
260 |a Praha :  |b Liberální institut,  |c 2002 
300 |a 205 s. ;  |c 21 cm 
500 |a Přeloženo z angličtiny 
504 |a Obsahuje rejstřík 
650 0 7 |a liberalismus  |7 ph115136  |2 czenas 
650 0 7 |a management  |7 ph115217  |2 czenas 
650 0 7 |a veřejná správa  |7 ph127076  |2 czenas 
650 0 7 |a byrokracie  |7 ph119049  |2 czenas 
650 0 9 |a bureaucracy  |2 eczenas 
650 0 9 |a liberalism  |2 eczenas 
650 0 9 |a management  |2 eczenas 
650 0 9 |a public administration  |2 eczenas 
655 7 |a studie  |7 fd133597  |2 czenas 
655 9 |a studies  |2 eczenas 
765 0 |t Bureaucracy 
900 |a ABA001  |b 18 
044 |a xr 
910 |a RBIT002 
998 |d 175295  |a https://core.palmknihy.cz/api/books/175295/cover?rs0ogq  |b https://core.palmknihy.cz/api/books/175295/cover/400?ms9780  |c https://core.palmknihy.cz/api/books/175295/cover/50?a4sjcv  |e   |i 8086389227  |j https://core.palmknihy.cz/api/books/175295/preview.epub  |l   |q 49  |r 1  |s https://www.palmknihy.cz/kniha/175295  |t ebook  |y 1962  |z 0 
999 |d 310826